第1次府県統合後の府県 - Statistics

General Stats
  • This quiz has been taken 296 times
  • The average score is 43 of 75
Answer Stats
Answer % Correct
青森県
91%
秋田県
88%
山形県
87%
東京府
86%
神奈川県
86%
茨城県
85%
福島県
84%
栃木県
84%
群馬県
84%
埼玉県
84%
仙台県
82%
盛岡県
81%
新潟県
79%
静岡県
79%
大阪府
79%
京都府
78%
和歌山県
76%
広島県
76%
高知県
76%
福岡県
76%
長崎県
76%
鹿児島県
76%
長野県
75%
奈良県
75%
岡山県
75%
香川県
75%
名古屋県
74%
鳥取県
74%
島根県
74%
山口県
74%
熊本県
74%
大分県
74%
兵庫県
73%
岐阜県
72%
金沢県
70%
浜松県
67%
松山県
67%
山梨県
65%
宇都宮県
63%
大津県
62%
若松県
55%
堺県
53%
小倉県
52%
酒田県
51%
敦賀県
50%
豊岡県
49%
宇和島県
49%
都城県
49%
筑摩県
47%
八代県
42%
七尾県
40%
置賜県
39%
浜田県
38%
名東県
38%
木更津県
37%
足柄県
37%
柏崎県
37%
入間県
35%
長浜県
35%
水沢県
33%
安濃津県
31%
飾磨県
31%
美々津県
31%
印旛県
29%
額田県
29%
伊万里県
28%
三潴県
26%
新治県
25%
新川県
25%
相川県
23%
度会県
23%
足羽県
22%
磐前県
15%
深津県
15%
北条県
14%
No matching quizzes found
Score Distribution
Percent of People with Each Score
Percentile by Number Answered
Your Score History
You have not taken this quiz